| 000 | 00635nam a22002177a 4500 | ||
|---|---|---|---|
| 003 | OSt | ||
| 005 | 20250826020151.0 | ||
| 008 | 250826b |||||||| |||| 00| 0 eng d | ||
| 020 | _a978--0-07-110193-6. | ||
| 040 |
_aDWC-Main Lib. _cOC |
||
| 082 | _23rd ed. | ||
| 100 | _aBARATTO, STEFAN | ||
| 245 |
_aElementary and intermediate algebra : _ba unified approach _cBARATTO, STEFAN |
||
| 250 | _a3rd ed. | ||
| 260 |
_aN. Y. : _bMcGraw-Hill, _cc2008. |
||
| 300 |
_aXXVI, various paging : _bcol. ill. ; _c27 cm. |
||
| 504 | _aIncludes index. | ||
| 650 | _aAlgebra. | ||
| 700 | _aBERGMAN, BARRY | ||
| 942 |
_2ddc _cGR _e3rd ed. _hGR _n0 |
||
| 999 |
_c4226 _d4226 |
||